000 00472nam a2200145Ia 4500
008 100122s9999 xx 000 0 und d
082 _b66462
_a823.08
100 _aअष्टीकर मंदाकिनी
245 _aएक आस एक ध्यास
260 _bनिशिगंधा प्रकाशन
_c2004
300 _a304
630 _aएक आस एक ध्यास
730 _aएक आस एक ध्यास
942 _cBOOK
999 _c438993
_d438990